Qué es la tradición / (Record no. 66709)

MARC details
000 -LEADER
campo de control de longitud fija 00795nam a2200265 i 4500
001 - NÚMERO DE CONTROL
campo de control 66709
003 - IDENTIFICADOR DE NÚMERO DE CONTROL
campo de control ES-MaACL
005 - FECHA Y HORA DE LA ÚLTIMA TRANSACCIÓN
campo de control 20230906165807.0
007 - CAMPO FIJO DE DESCRIPCIÓN FÍSICA--INFORMACIÓN GENERAL
campo de control de longitud fija t|
008 - DATOS DE LONGITUD FIJA--INFORMACIÓN GENERAL
campo de control de longitud fija 030924s2003 sp ||||0| spa d
020 ## - NÚMERO INTERNACIONAL ESTÁNDAR DEL LIBRO
Número Internacional Estándar del Libro 84-493-1393-7
040 ## - FUENTE DE CATALOGACIÓN
Centro catalogador/agencia de origen M-BN
Lengua de catalogación spa
Centro/agencia transcriptor M-BN
080 ## - NÚMERO DE LA CLASIFICACIÓN DECIMAL UNIVERSAL
Número de la Clasificación Decimal Universal 165.612
100 1# - ENTRADA PRINCIPAL--NOMBRE DE PERSONA
Nombre de persona Zolla, Elémire.
9 (RLIN) 118335
245 10 - MENCIÓN DEL TÍTULO
Título Qué es la tradición /
Mención de responsabilidad, etc. Elémire Zolla ; [traducción de Julián de Jódar].
260 ## - PUBLICACIÓN, DISTRIBUCIÓN, ETC.
Lugar de publicación, distribución, etc. Barcelona :
Nombre del editor, distribuidor, etc. Paidós Ibérica,
Fecha de publicación, distribución, etc. [2003]
300 ## - DESCRIPCIÓN FÍSICA
Extensión 314 p. ;
Dimensiones 22 cm.
490 1# - MENCIÓN DE SERIE
Mención de serie Paidós orientalia ;
Designación de volumen o secuencia 81
650 14 - PUNTO DE ACCESO ADICIONAL DE MATERIA--TÉRMINO DE MATERIA
Término de materia o nombre geográfico como elemento de entrada Tradicionalismo (Filosofía)
9 (RLIN) 17607
700 1# - ENTRADA AGREGADA--NOMBRE PERSONAL
Nombre de persona Jódar, Julián de.
9 (RLIN) 66695
830 0# - PUNTO DE ACCESO ADICIONAL DE SERIE-TÍTULO UNIFORME
Título uniforme Paidós orientalia ;
Designación de volumen o secuencia 81
9 (RLIN) 180381
852 ## - LOCALIZACIÓN
Ubicación ES-MaACL
Número de control de estantería L-27209
Sublocalización o colección R.132854
Holdings
Estatus retirado Estado de pérdida Estado de daño No para préstamo Biblioteca de origen Biblioteca actual Ubicación en estantería Fecha de adquisición Fuente de adquisición Total de préstamos Signatura topográfica completa Código de barras Visto por última vez Precio de reemplazo Tipo de ítem Koha
        Biblioteca del Ateneo de Madrid Biblioteca del Ateneo de Madrid Depósito 2 17/01/2008     L-27209 1069875 23/02/2023 23/02/2023 Libro impreso